The quest for God as Truth and beauty: Plotinus, Andrew Marvell, Oscar Wilde
Sparad:
| Huvudupphovsman: | |
|---|---|
| Materialtyp: | Bok |
| Språk: | Undetermined |
| Publicerad: |
San José, Costa Rica
Escuela de Lenguas Modernas, Universidad de Costa Rica
1981
|
| Ämnen: | |
| Taggar: |
Lägg till en tagg
Inga taggar, Lägg till första taggen!
|
MARC
| LEADER | 00000nam a2200000Ia 4500 | ||
|---|---|---|---|
| 008 | 170316s9999 xx 000 0 und d | ||
| 040 | |a cru BVZT | ||
| 090 | |a TESIS 324 | ||
| 100 | |a Köller Krah, Sylvia V. | ||
| 245 | 4 | |a The quest for God as Truth and beauty: Plotinus, Andrew Marvell, Oscar Wilde | |
| 260 | |a San José, Costa Rica | ||
| 260 | |b Escuela de Lenguas Modernas, Universidad de Costa Rica | ||
| 260 | |c 1981 | ||
| 300 | |a 120 páginas | ||
| 650 | |a LICENCIATURA EN LITERATURA INGLESA | ||
| 650 | |a TRABAJO FINAL DE GRADUACIÓN | ||
| 999 | |c 13949 |d 13949 | ||
| 942 | |c TFG |h TESIS 324 |2 z | ||
